|
|
|
|
| LEADER |
00000nab a2200000 a 4500 |
| 001 |
vtls000648739 |
| 003 |
SK-MaSNL |
| 005 |
20260304101133.0 |
| 008 |
250426c1998 xo 0 slo |
| 015 |
|
|
|a SNBRA1998/01-01411
|
| 035 |
|
|
|a CLN000000934
|
| 035 |
|
|
|a urn:nbn:sk:snk-abepxr
|
| 035 |
|
|
|a (urnnbn)urn:nbn:sk:snk:ar-000ddw
|
| 035 |
|
|
|a (uuid)674bde68-caf3-4e40-850e-a13f7afd1b67
|
| 040 |
|
|
|a SNKBUCL
|b slo
|c SNKBUCL
|e AACR2
|
| 041 |
0 |
|
|a slo
|
| 044 |
|
|
|a xo
|c SK
|
| 080 |
|
|
|a 82.033:885.4-3
|2 1997
|
| 080 |
|
|
|a 885.4-3.033
|2 1997
|
| 100 |
1 |
|
|a Bodacz, Bohuš,
|d 1955-2020
|4 aut
|9 105616
|
| 245 |
1 |
0 |
|a Muž s pohľadom do zrkadla
|c Bohuš Bodacz
|
| 600 |
1 |
7 |
|a Holka, Peter,
|d 1950-
|2 SNKMA
|9 85921
|
| 650 |
0 |
7 |
|a prozaická tvorba
|2 SNK
|9 457895
|
| 650 |
0 |
7 |
|a interpretácie
|2 SNK
|9 434052
|
| 655 |
|
7 |
|a články z novín a časopisov
|2 snkbucl
|9 267496
|
| 655 |
|
7 |
|a články z odboru literárna veda a krásna literatúra
|2 snkbucl
|9 770045
|
| 773 |
0 |
|
|t Slovenské pohľady
|g Roč. 4+114, č. 1 (1998), s. 97-106
|
| 850 |
|
|
|a Slovenská národná knižnica
|
| 852 |
|
|
|a Slovenská národná knižnica
|
| 958 |
|
|
|a article27
|
| 958 |
|
|
|a LX
|
| 958 |
|
|
|a SK
|
| 958 |
|
|
|a OND
|
| 958 |
|
|
|a EUIPO
|
| 992 |
|
|
|a RBX
|
| 999 |
|
|
|c 2840840
|d 2842770
|